000 00797nam a22002417a 4500
008 081212t xxu||||| |||| 00| 0beng d
010 _aENG-99014
020 _c30.00
_a9788189840235
035 _aEN-82546
037 _bDBAD / PUB
040 _adpl
_bEnglish
082 _a485
100 _93724
_aMarjory, Sathya D.M.
245 _aPanache in english communication /
_cby D.M. Sathya Marjory
260 _aErode
_bPallavi Pathippagam
_c2008
270 _bErode
_e11
_a194, Kanna Complex, Mettur Road,
300 _a60p.
_c22cm (pbk)
600 _aBaba Visakha Singh
_xBiography.
_93725
650 _98634
700 _96162
942 _2ddc
_cEN
_mMAR
_h485
999 _c40203
_d40203